Measure of damages (Record no. 72040)
[ view plain ]
| 000 -LEADER | |
|---|---|
| fixed length control field | 01268cam a2200241 4500 |
| 001 - CONTROL NUMBER | |
| control field | ABS66312 |
| 008 - FIXED-LENGTH DATA ELEMENTS--GENERAL INFORMATION | |
| fixed length control field | 030203n2003 000 0 eng u |
| 035 ## - SYSTEM CONTROL NUMBER | |
| System control number | (Sirsi) u121222 |
| 100 ## - MAIN ENTRY--PERSONAL NAME | |
| Personal name | Brewer, G. |
| 245 ## - TITLE STATEMENT | |
| Title | Measure of damages |
| 260 ## - PUBLICATION, DISTRIBUTION, ETC. | |
| Date of publication, distribution, etc. | 2003 |
| 490 ## - SERIES STATEMENT | |
| Series statement | Contract Journal |
| Volume/sequential designation | 416(6408) 8 January 2003, 19(1) |
| 520 ## - SUMMARY, ETC. | |
| Summary, etc. | Discusses the issue of measure of damages for breach of contract where the cost of reinstatement is disproportionate to the loss suffered. Examines the case "McLaren Murdoch and Hamilton v Abercromby Motor Group Ltd"(CSOH [2003] CILL 1964) with reference to "Ruxley Electronics and Construction Ltd v Forsyth" (HL Abs53197) which helped to clarify how damages should be assessed for defective performance under a construction contract. View "McLaren Murdoch and Hamilton v Abercromby Motor Group Ltd" judgment at ww.scotcourts.gov.uk. |
| 590 ## - LOCAL NOTE (RLIN) | |
| Local note | ABS |
| 650 ## - SUBJECT ADDED ENTRY--TOPICAL TERM | |
| Topical term or geographic name entry element | MCLAREN MURDOCH AND HAMILTON LTD V ABERCROMBY MOTOR GROUP LTD |
| 650 ## - SUBJECT ADDED ENTRY--TOPICAL TERM | |
| Topical term or geographic name entry element | RUXLEY ELECTRONICS AND CONSTRUCTION LTD V FORSYTH |
| 650 ## - SUBJECT ADDED ENTRY--TOPICAL TERM | |
| Topical term or geographic name entry element | NON-PAYMENT |
| 650 ## - SUBJECT ADDED ENTRY--TOPICAL TERM | |
| Topical term or geographic name entry element | MEASURE OF DAMAGES |
| 650 ## - SUBJECT ADDED ENTRY--TOPICAL TERM | |
| Topical term or geographic name entry element | BUILT ENVIRONMENT-BUILDING COSTS-REINSTATEMENT COSTS |
| 650 ## - SUBJECT ADDED ENTRY--TOPICAL TERM | |
| Topical term or geographic name entry element | BREACH OF CONTRACT |
| 690 ## - LOCAL SUBJECT ADDED ENTRY--TOPICAL TERM (OCLC, RLIN) | |
| Topical term or geographic name as entry element | BUILT ENVIRONMENT-BUILDING CONTRACT FORMS |
| 942 ## - ADDED ENTRY ELEMENTS (KOHA) | |
| Suppress in OPAC | 0 |
| Withdrawn status | Lost status | Source of classification or shelving scheme | Damaged status | Not for loan | Home library | Current library | Shelving location | Date acquired | Total Checkouts | Full call number | Barcode | Date last seen | Copy number | Price effective from | Koha item type |
|---|---|---|---|---|---|---|---|---|---|---|---|---|---|---|---|
| Dewey Decimal Classification | London | London | Journal article | 03/02/2003 | ABS66312 | 121222-1001 | 06/08/2019 | 1 | 06/08/2019 | Journal article |